KVANTITATÍVNE HODNOTENIE MIKROŠTRUKTÚRY A LOMOVÝCH PLÔCH NA ZÁKLADE MERANIA ŠTRUKTÚRNYCH PARAMETROV

Bibliographic Details
Main Author: Skočovský, Petr, 1939- (Author)
Format: Article
Language:Slovak
ISBN:8071007587

MARC

LEADER 00000naa a2200000uu 4500
001 vtls010955037
003 SK-MaSNL
005 20260302134737.0
008 210905|2000 xo |||||||||||||||||slo|
015 |a SNBRA 
035 |a (urnnbn)urn:nbn:sk:snk:ar-a0bmvw 
035 |a (uuid)fa45e0e2-417d-4301-89ef-03f3960020db 
035 |a urn:nbn:sk:snk-aaueu9 
040 |a SNKBUCL  |b slo  |c SNKBUCL  |e AACR2 
041 0 |a slo 
044 |a xo  |c SK 
100 1 |a Skočovský, Petr,  |d 1939-  |4 aut  |9 224243 
245 1 0 |a KVANTITATÍVNE HODNOTENIE MIKROŠTRUKTÚRY A LOMOVÝCH PLÔCH NA ZÁKLADE MERANIA ŠTRUKTÚRNYCH PARAMETROV  |c Petr Skočovský 
773 0 |t Letná škola únavy materiálov '2000  |d Žilina : Žilinská univerzita, Strojnícka fakulta, 2000, 2000  |g S. 114-121  |z 8071007587 
958 |a OND 
958 |a article11 
958 |a chapter 
999 |c 1323713  |d 1325643